| 000 | 01116nas a2200385 4500 | ||
|---|---|---|---|
| 001 | BR2017000515 | ||
| 003 | BR-BrBNA | ||
| 005 | 20231205130847.0 | ||
| 007 | ta | ||
| 008 | 230509b bl.|||p| |||| 00| 00por d | ||
| 040 |
_aBR-BrBNA _bpor _cBiblioteca Nacional de Agricultura |
||
| 041 | _a(Pt) | ||
| 072 | _aK10; F30 | ||
| 100 | 1 | _aCampos, G.N.F. | |
| 100 | 1 | _aArriel, E.F. | |
| 100 | 1 | _aNorberto, M.N.S | |
| 100 | 1 | _aFarias Junior, J.A. | |
| 100 | 1 | _aSilva, V.V.M. | |
| 100 | 1 | _aFreire, A.L.O. | |
| 245 | 1 | _aClonagem de Cnidoscolus quercifolius por alporquia | |
| 650 | _aREFLORESTAMENTO | ||
| 650 | _aDETERIORAÇÃO DO SOLO | ||
| 650 | _aFAVELEIRA | ||
| 650 | _aPLANTIO | ||
| 650 | _aMELHORAMENTO GENETICO VEGETAL | ||
| 650 | _aPROPAGAÇAO VEGETATIVA | ||
| 650 | _aCLONAGEM | ||
| 650 | _aESTIMULANTE DE CRESCIMENTO VEGETAL | ||
| 650 | _aACIDO INDOLBUTIRICO | ||
| 650 | _aENRAIZAMENTO | ||
| 650 | _aMUDA | ||
| 773 | 0 |
_tCiência Florestal (Brazil) _xISSN 0103-9954 _g(Sep 2015), v. 25(3) p. 743-749 _wBR2017000515 |
|
| 909 |
_a202311 _bLúcia _c55 _dLúcia Elande |
||
| 942 |
_2AGRIS _n0 _cANA |
||
| 999 |
_c251702 _d251702 |
||